<?xml version="1.0" encoding="UTF-8"?>
<marc:record xmlns:marc="http://www.loc.gov/MARC21/slim">
   <marc:leader>00000nam a2200000 a 4500</marc:leader>
   <marc:datafield ind1=" " ind2=" " tag="653">
      <marc:subfield code="a">Übergewicht</marc:subfield>
   </marc:datafield>
   <marc:datafield ind1=" " ind2=" " tag="653">
      <marc:subfield code="a">Adipositas</marc:subfield>
   </marc:datafield>
   <marc:datafield ind1=" " ind2=" " tag="653">
      <marc:subfield code="a">Fettsucht</marc:subfield>
   </marc:datafield>
   <marc:datafield ind1=" " ind2=" " tag="653">
      <marc:subfield code="a">Jimmy Chin</marc:subfield>
   </marc:datafield>
   <marc:datafield ind1=" " ind2=" " tag="653">
      <marc:subfield code="a">Demenz</marc:subfield>
   </marc:datafield>
   <marc:datafield ind1=" " ind2=" " tag="653">
      <marc:subfield code="a">Bergwelten</marc:subfield>
   </marc:datafield>
   <marc:datafield ind1=" " ind2=" " tag="653">
      <marc:subfield code="a">Brasilien</marc:subfield>
   </marc:datafield>
   <marc:datafield ind1=" " ind2=" " tag="653">
      <marc:subfield code="a">Jaguar</marc:subfield>
   </marc:datafield>
   <marc:datafield ind1=" " ind2=" " tag="653">
      <marc:subfield code="a">Stadttiere</marc:subfield>
   </marc:datafield>
   <marc:datafield ind1=" " ind2=" " tag="653">
      <marc:subfield code="a">Tiere</marc:subfield>
   </marc:datafield>
   <marc:datafield ind1=" " ind2=" " tag="653">
      <marc:subfield code="a">Strom</marc:subfield>
   </marc:datafield>
   <marc:datafield ind1=" " ind2=" " tag="653">
      <marc:subfield code="a">Elektrizität</marc:subfield>
   </marc:datafield>
   <marc:datafield ind1=" " ind2=" " tag="653">
      <marc:subfield code="a">Ensamkeit</marc:subfield>
   </marc:datafield>
   <marc:datafield ind1="0" ind2="0" tag="245">
      <marc:subfield code="a">GEO 2023 / 03</marc:subfield>
   </marc:datafield>
   <marc:datafield ind1="0" ind2="0" tag="245">
      <marc:subfield code="b">die Welt mit anderen Augen sehen</marc:subfield>
   </marc:datafield>
   <marc:datafield ind1=" " ind2="1" tag="264">
      <marc:subfield code="a">Hamburg</marc:subfield>
      <marc:subfield code="b">Gruner u. Jahr</marc:subfield>
      <marc:subfield code="c">2023</marc:subfield>
   </marc:datafield>
   <marc:datafield ind1="1" ind2=" " tag="490">
      <marc:subfield code="a">-</marc:subfield>
   </marc:datafield>
   <marc:datafield ind1="1" ind2=" " tag="520">
      <marc:subfield code="a">Inhalt:&#xD;
&#xD;
Pandemie des Übergewichts:&#xD;
Kritische Masse:&#xD;
Warum wird die Menschheit immer dicker?&#xD;
&#xD;
Elektrischer Strom:&#xD;
Das Fluidum der Zukunft:&#xD;
Lange war Elektrizität unverstanden und gefürchtet&#xD;
&#xD;
Brasilien.&#xD;
Auf den Spuren des Jaguars:&#xD;
Artenvielfalt im Pantanal&#xD;
&#xD;
Abromeits Expeditionen:&#xD;
Jimmy Chin, der Kliffhänger:&#xD;
Extremkletterer in spektakulären Situationen&#xD;
&#xD;
Stadttiere:&#xD;
Gekommen, um zu bleiben:&#xD;
Einige Arten sind erstaunlich gut angepasst&#xD;
&#xD;
Demenz:&#xD;
Ein Ort gegen die einsamkeit:&#xD;
In einer Berliner WG leben verwirrte Menschen wie in einer Familie</marc:subfield>
   </marc:datafield>
   <marc:datafield ind1=" " ind2=" " tag="022">
      <marc:subfield code="a">03428311</marc:subfield>
   </marc:datafield>
   <marc:datafield ind1=" " ind2=" " tag="041">
      <marc:subfield code="a">ger</marc:subfield>
   </marc:datafield>
   <marc:datafield ind1=" " ind2=" " tag="338">
      <marc:subfield code="a">Band</marc:subfield>
   </marc:datafield>
</marc:record>
